000 00234 a2200097 4500
001 7753
100 _aComlie, R.A
245 _amagneto hydrodynamics generations of electric power
260 _a
_bChapman Hall
_c
090 _c6210
_d6210
942 _aNUST-CAE
_cM
_c32724
999 _c242826
_d242826